LEADER 02374oas 2200997 a 450 001 9910134371003321 005 20251119213018.0 011 $a1879-0313 035 $a(DE-599)ZDB2025738-7 035 $a(DE-599)2025738-7 035 $a(OCoLC)43349804 035 $a(CONSER) 2003233334 035 $a(CKB)954925394363 035 $a(EXLCZ)99954925394363 100 $a20000126a19599999 sy a 101 0 $aeng 135 $aurunu|||||||| 181 $ctxt$2rdacontent 182 $cc$2rdamedia 183 $acr$2rdacarrier 200 10$aCurrent therapeutic research 210 $a[Belle Mead, NJ] $cExcerpta Medica, Elsevier Science 300 $aRefereed/Peer-reviewed 311 08$a0011-393X 531 0 $aCurr. ther. res. 606 $aTherapeutics$vPeriodicals 606 $aDrugs$vPeriodicals 606 $aDrugs 606 $aPharmaceutical Preparations 606 $aMe?dicaments$vPe?riodiques 606 $aThe?rapeutique$vPe?riodiques 606 $aMe?dicaments 606 $aDrugs$2fast$3(OCoLC)fst00898761 606 $aTherapeutics$2fast$3(OCoLC)fst01149694 608 $aPeriodical. 608 $aperiodicals.$2aat 608 $aPeriodicals.$2fast 608 $aPeriodicals.$2lcgft 608 $aPe?riodiques.$2rvmgf 615 0$aTherapeutics 615 0$aDrugs 615 0$aDrugs. 615 2$aPharmaceutical Preparations. 615 6$aMe?dicaments 615 6$aThe?rapeutique 615 6$aMe?dicaments. 615 7$aDrugs. 615 7$aTherapeutics. 676 $a615 801 0$bIUA 801 1$bIUA 801 2$bOH1 801 2$bOCLCQ 801 2$bGUA 801 2$bOCLCQ 801 2$bOCL 801 2$bU9S 801 2$bGUA 801 2$bOCLCQ 801 2$bUKMGB 801 2$bOCLCQ 801 2$bOPELS 801 2$bOCLCF 801 2$bCUS 801 2$bOCLCO 801 2$bOCLCQ 801 2$bBUF 801 2$bU3W 801 2$bFQM 801 2$bAU@ 801 2$bWYU 801 2$bVT2 801 2$bLEAUB 801 2$bOCLCQ 801 2$bOCLCO 801 2$bOCLCQ 801 2$bOCLCO 801 2$bOCLCQ 801 2$bUAB 801 2$bAUD 801 2$bOCLCL 801 2$bOCLCQ 906 $aJOURNAL 912 $a9910134371003321 996 $aCurrent therapeutic research$9797625 997 $aUNINA